| 000 | 01021nam a2200229Ia 4500 | ||
|---|---|---|---|
| 003 | Ost | ||
| 005 | 20260507075727.0 | ||
| 008 | 260507s9999||||xx |||||||||||||| ||und|| | ||
| 040 | _cfsecg | ||
| 041 | _aara | ||
| 082 | _a332.6 | ||
| 100 |
_aحنفي، عبد الغفار _eمؤلف |
||
| 245 | 0 |
_aالاستثمار في بورصة الاوراق المالية / _c عبد الغفار حنفي |
|
| 260 |
_aالاسكندرية: _bالدار الجامعية, _c2003 |
||
| 300 |
_a634 صفحة؛ _c24 سم |
||
| 504 | _aبيبليوغرافيا : ص.629 | ||
| 520 | _aيتألف الكتاب من تسعة أبواب الاستثمار واسواق الاوراق المالية-قياس عائد ومخاطر الاوراقالمالية-المستحدثات في نظرية الاستثمار وكفاءة اسواق راس المال-تحليل الاسهم-الخيارات | ||
| 653 | _aالاستثمار | ||
| 653 | _aالاوراق المالية | ||
| 653 | _aالبورصات | ||
| 942 | _cكتاب | ||
| 999 |
_c45997 _d45997 |
||